Normal view
MARC view
- الكردي، محمد علي الصويركي
Entry Personal Name
001 - CONTROL NUMBER
- control field: 62629
003 - CONTROL NUMBER IDENTIFIER
- control field: JO-AjAnu
005 - DATE AND TIME OF LATEST TRANSACTION
- control field: 20230606084228.0
008 - FIXED-LENGTH DATA ELEMENTS
- fixed length control field: 230606|| aca||aabn | a|a d
040 ## - CATALOGING SOURCE
- Original cataloging agency: JO-AjAnu
- Transcribing agency: JO-AjAnu
100 ## - HEADING--PERSONAL NAME
- Personal name: الكردي، محمد علي الصويركي
670 ## - SOURCE DATA FOUND
- Source citation: Work cat.: (JO-AjAnu)31937: الكردي، محمد علي الصويركي, author, شرقي الأردن والعهد الفيصلي1981-1920